| 000 | 00998nam a22002895a 4500 | ||
|---|---|---|---|
| 005 | 20170105131003.0 | ||
| 008 | 170105t2016 maua frb 001 0 eng d | ||
| 020 | _a9781284053296 | ||
| 040 |
_aEG-ScBUE _beng _cEG-ScBUE _dEG-ScBUE |
||
| 043 | _an-us--- | ||
| 082 | 0 | 4 |
_222 _a362.10973 _bNIC |
| 100 | 1 | _aNickitas, Donna M. | |
| 245 | 1 | 0 |
_aPolicy and politics for nurses and other health professionals : _badvocacy and action / _cDonna M. Nickitas, Donna J. Middaugh, Nancy Aries. |
| 250 | _a2nd ed. | ||
| 260 |
_aBurlington : _bJones & Bartlett Learning, _cc.2016. |
||
| 300 |
_axviii, 333 p. : _bill. ; _c24 cm. |
||
| 500 | _aIndex : p. 319-333. | ||
| 504 | _aIncludes bibliographical references. | ||
| 650 | 0 |
_2BUEsh _aMedical policy _zUnited States. |
|
| 650 | 0 |
_aMedical care, Cost of _zUnited States. _2BUEsh |
|
| 650 | 0 |
_aLobbying _zUnited States. _2BUEsh |
|
| 651 | _2BUEsh | ||
| 653 |
_bNNUR _cJanuary2017 |
||
| 700 | 1 | _aMiddaugh, Donna J. | |
| 700 | 1 | _aAries, Nancy. | |
| 942 | _2ddc | ||
| 999 |
_c23848 _d23820 |
||